[Event "Quebec op"]
[Site "Montreal"]
[Date "1998.08.01"]
[Round "8"]
[White "Schleifer, Michael"]
[Black "Prahov, Valentin"]
[Result "1-0"]
[WhiteElo "2285"]
[BlackElo "2235"]

1.d4 Nf6 2.Bg5 Ne4 3.Bh4 c5 4.f3 Qa5+ 5.c3 Nf6 6.d5 d6 7.e4 b5 8.Nd2 Bd7
9.Bd3 g6 10.Ne2 Bg7 11.O-O O-O 12.h3 Na6 13.b3 e6 14.a4 b4 15.c4 Rae8 16.Ra2 Qc7
17.g4 Nb8 18.Bg3 Bc8 19.Bh2 Nbd7 20.f4 Ba6 21.dxe6 Rxe6 22.Ng3 h6 23.h4 Bb7
24.g5 hxg5 25.hxg5 Nh7 26.Nf3 Ree8 27.Qb1 Bd4+ 28.Kh1 d5 29.cxd5 Be3 30.Ne2 f5
31.Bc4 Kg7 32.Qa1+ Ndf6 33.gxf6+ Nxf6 34.Ng5 Rh8 35.Rf3 Bd4 36.Nxd4 cxd4
37.Qxd4 fxe4 38.Rf1 e3 39.Kg1 Qd7 40.f5 gxf5 41.Rg2 Kg6 42.Ne6+ Ng4 43.Rxg4+  1-0

[Event "North Bay op"]
[Site "North Bay"]
[Date "1998.08.05"]
[Round "1"]
[White "Calton, Bill J"]
[Black "Khassanov, M."]
[Result "0-1"]
[WhiteElo "2270"]
[BlackElo "2320"]

1.d4 Nf6 2.Bg5 Ne4 3.Bf4 d5 4.f3 Nf6 5.e4 c5 6.Nc3 e6 7.Nb5 Na6 8.e5 Nd7
9.c3 b6 10.a3 Be7 11.Bd3 O-O 12.Qe2 Nab8 13.Nh3 Ba6 14.Nd6 Bxd3 15.Qxd3 Nc6
16.b4 cxd4 17.cxd4 f6 18.Qc3 Nxd4 19.Qxd4 fxe5 20.Bxe5 Nxe5 21.Qxe5 Qxd6  0-1

[Event "BCF-ch"]
[Site "Torquay"]
[Date "1998.08.05"]
[Round "9"]
[White "Gunter, David WW"]
[Black "Jackson, Oliver"]
[Result "0-1"]
[WhiteElo "2185"]
[BlackElo "2255"]

1.d4 Nf6 2.Bg5 Ne4 3.Bf4 c5 4.f3 Qa5+ 5.c3 Nf6 6.Nd2 cxd4 7.Nb3 Qf5 8.Bxb8 Rxb8
9.Qxd4 b6 10.e4 Qf4 11.Nh3 Qc7 12.e5 Ng8 13.O-O-O e6 14.Ng5 Ne7 15.f4 Nf5
16.Qf2 Bb7 17.Bd3 Be7 18.Ne4 h5 19.Ng3 g6 20.Nxf5 gxf5 21.Rd2 Rg8 22.Rg1 a6
23.Qe2 Rg4 24.g3 b5 25.Qe3 Bd5 26.Rgd1 a5 27.Bxf5 a4 28.Na1 Bc5 29.Qe2 b4
30.c4 b3 31.axb3 Bc6 32.Bxg4 hxg4 33.Rd6 Bf3 34.Qc2 Be3+ 35.Kb1 axb3 36.Nxb3 Qb7
37.R1d3 Be4 38.Qc3 Qxb3 39.Qxb3 Rxb3 40.Kc2 Rxd3 41.Rxd3 Bg1 42.Kc3  0-1

[Event "North Bay op"]
[Site "North Bay"]
[Date "1998.08.07"]
[Round "5"]
[White "Calton, Bill J"]
[Black "Rajlich, Vasik G"]
[Result "0-1"]
[WhiteElo "2270"]
[BlackElo "2270"]

1.d4 Nf6 2.Bg5 Ne4 3.Bf4 c5 4.d5 Qb6 5.Bc1 e6 6.f3 Nf6 7.c4 exd5 8.cxd5 c4
9.e3 Bc5 10.Kf2 O-O 11.Bxc4 d6 12.Ne2 Re8 13.Qb3 Nbd7 14.Rd1 Re5 15.Rd3 Qc7
16.Bd2 Nb6 17.Ba5 Bf5 18.Rd4 Rae8 19.Na3 Rxe3 20.Bxb6 Qxb6 21.Qxb6 Bxb6 22.Rad1 R3e5
23.Kf1 Bxd4 24.Nxd4 a6 25.f4 Re4 26.g3 Bh3+ 27.Kg1  0-1

[Event "BCF-ch"]
[Site "Torquay"]
[Date "1998.08.07"]
[Round "11"]
[White "Gunter, David WW"]
[Black "Beaumont, Chris"]
[Result "0-1"]
[WhiteElo "2185"]
[BlackElo "2335"]

1.d4 Nf6 2.Bg5 Ne4 3.h4 c5 4.d5 Qb6 5.Nd2 Nxg5 6.hxg5 g6 7.e4 d6 8.f4 Qxb2
9.Rb1 Qxa2 10.Bc4 Qa5 11.e5 Bg7 12.e6 fxe6 13.Qg4 Nd7 14.dxe6 Nb6 15.Bd3 c4
16.Rxh7 cxd3 17.Rxg7 dxc2 18.Rc1 Nc4 19.Qe2 Nxd2 20.Qxd2 Qxd2+ 21.Kxd2 Bxe6
22.Rxc2 Kf8  0-1

[Event "MK Cafe Cup-A"]
[Site "Koszalin"]
[Date "1998.08.08"]
[Round "6"]
[White "Teske, Henrik"]
[Black "Hracek, Zbynek"]
[Result "0-1"]
[WhiteElo "2510"]
[BlackElo "2615"]

1.d4 Nf6 2.Bg5 Ne4 3.h4 c5 4.dxc5 Qa5+ 5.Nd2 Nxg5 6.hxg5 g6 7.c3 Qxc5 8.Ngf3 Bg7
9.e3 d6 10.Qb3 Nc6 11.Ne4 Qb6 12.Qxb6 axb6 13.Bc4 Ra5 14.Bb3 b5 15.Rc1 Ra8
16.a3 Na5 17.Bd5 Nc4 18.Rc2 Nb6 19.Bb3 Bf5 20.Nxd6+ exd6 21.Rd2 Ke7 22.Nd4 Bd7
23.Rh4 Nc4 24.Re4+ Kf8 25.Bxc4 bxc4 26.Nc2 d5 27.Rh4 Be6 28.Nb4 Ra5 29.Ke2 h6
30.e4 dxe4 31.gxh6 Rxh6 32.Rxe4 Be5 33.Rd8+ Ke7 34.Rg8 f5  0-1

[Event "Energy Cup"]
[Site "Olomouc"]
[Date "1998.08.09"]
[Round "2"]
[White "Obsivac, Josef"]
[Black "Simacek, Pavel"]
[Result "1/2-1/2"]
[WhiteElo "2350"]
[BlackElo "2350"]

1.d4 Nf6 2.Bg5 Ne4 3.h4 c5 4.dxc5 Qa5+ 5.Nd2 Nxg5 6.hxg5 Qxc5 7.Ngf3 d5 8.c3 Nc6
9.e4 Be6 10.g6 fxg6 11.exd5 Bxd5 12.Bd3 O-O-O 13.Qc2 e5 14.Ne4 Qb6 15.Nfd2 Be7
16.Bc4 Bxc4 17.Nxc4 Qc7 18.Rd1 h6 19.O-O Rxd1 20.Rxd1 Rd8 21.Ne3 Rd7  1/2-1/2

[Event "MK Cafe Cup-A"]
[Site "Koszalin"]
[Date "1998.08.11"]
[Round "9"]
[White "Teske, Henrik"]
[Black "Gdanski, Jacek"]
[Result "1-0"]
[WhiteElo "2510"]
[BlackElo "2540"]

1.d4 Nf6 2.Bg5 Ne4 3.h4 c5 4.dxc5 Na6 5.Nd2 Naxc5 6.Ngf3 Qb6 7.Nxe4 Nxe4
8.Qd4 Qxd4 9.Nxd4 a6 10.g3 e5 11.Nb3 d5 12.Bg2 Bf5 13.Rd1 Be6 14.c4 Bb4+
15.Kf1 dxc4 16.Bxe4 cxb3 17.Bxb7 Rb8 18.a3 f6 19.Bc6+ Ke7 20.axb4 fxg5 21.b5 axb5
22.hxg5 Rbc8 23.Bxb5 Rc2 24.Ra1 Bd5 25.f3 Rxb2 26.Ra7+ Kd6 27.Kf2 Ra2 28.Rxg7 b2
29.Bd3 Rb8 30.Rgxh7 Ra1 31.R1h6+ Kc5 32.Rc7+ Kb4 33.Rh4+ e4 34.fxe4 Be6 35.Rc6 Bd7
36.e5+ Ka3 37.Rc3+ Ka2 38.Bc4+ Kb1 39.Rh1+  1-0

[Event "Hampstead IM3"]
[Site "Hampstead"]
[Date "1998.08.12"]
[Round "3"]
[White "Bree, Thomas"]
[Black "Naylor, John"]
[Result "0-1"]
[WhiteElo "2255"]
[BlackElo "2240"]

1.d4 Nf6 2.Bg5 Ne4 3.Bf4 c5 4.f3 Qa5+ 5.c3 Nf6 6.d5 Qb6 7.Bc1 e6 8.e4 exd5
9.exd5 Bd6 10.Na3 O-O 11.Ne2 Re8 12.g3 c4 13.Nxc4 Qc5 14.b3 Be5 15.Nxe5 Rxe5
16.c4 d6 17.Bb2 Bf5 18.Qd4 Qa5+ 19.Bc3 Qc7 20.Kf2 Nbd7 21.Qf4 Bg6 22.Bxe5 dxe5
23.Qe3 e4 24.h3 exf3 25.Nc3 Re8 26.Qd4 Nc5 27.Rg1 Qa5 28.Kxf3 Nxb3 29.axb3 Qxa1
30.Bd3 Qb2 31.Bxg6 hxg6 32.Rb1 Qc2 33.Rd1 Qxb3 34.Kg2 Qb6 35.c5 Qc7 36.Ra1 a6
37.d6 Qc6+ 38.Kh2 Nd7 39.Nd5 Qxc5 40.Ne7+ Kf8 41.Qd3 Ne5 42.Qd5 Qxd5 43.Nxd5 Rd8
44.Rc1 Nc6 45.Rb1 Rxd6 46.Nc7 Nd8 47.Re1 Ne6  0-1

[Event "Dresden op"]
[Site "Dresden"]
[Date "1998.08.18"]
[Round "3"]
[White "Teske, Henrik"]
[Black "Beckmann, Klaus"]
[Result "1-0"]
[WhiteElo "2510"]
[BlackElo "2285"]

1.d4 Nf6 2.Bg5 Ne4 3.h4 d5 4.Nd2 Nxg5 5.hxg5 c5 6.dxc5 e5 7.e4 Bxc5 8.Nb3 d4
9.Nxc5 Qa5+ 10.c3 Qxc5 11.cxd4 Qb4+ 12.Qd2 Qxd2+ 13.Kxd2 exd4 14.Nf3 Nc6
15.Bb5 Bd7 16.Bxc6 Bxc6 17.Nxd4 Rd8 18.Ke3 O-O 19.Rac1 Rd6 20.Nxc6 bxc6 21.Rhd1 Rfd8
22.Rxd6 Rxd6 23.Rc5 Kf8 24.e5 Re6 25.f4  1-0

[Event "ESP-ch"]
[Site "Linares"]
[Date "1998.08.19"]
[Round "8"]
[White "Romero Holmes, Alfonso"]
[Black "Garcia Luque, Agustin"]
[Result "1-0"]
[WhiteElo "2485"]
[BlackElo "2340"]

1.d4 Nf6 2.Bg5 Ne4 3.Bf4 d5 4.e3 c6 5.Bd3 Qb6 6.Bxe4 dxe4 7.Nd2 Nd7 8.Ne2 Qxb2
9.Nxe4 Nf6 10.Nxf6+ exf6 11.O-O Be6 12.Rb1 Qxa2 13.Rxb7 Qa6 14.Qb1 Bc8 15.Rb8 Rxb8
16.Qxb8 Be7 17.Bd6 Bxd6 18.Qxd6 Qxe2 19.Qxc6+ Ke7 20.Qc5+ Ke6 21.c4 Qa2 22.Qc7 Ba6
23.e4 Bxc4 24.f4 f5 25.d5+ Bxd5 26.exf5+  1-0

[Event "ESP-ch"]
[Site "Linares"]
[Date "1998.08.19"]
[Round "8"]
[White "Pomes Marcet, Juan"]
[Black "Oms Pallise, Josep"]
[Result "1-0"]
[WhiteElo "2395"]
[BlackElo "2440"]

1.d4 Nf6 2.Bg5 Ne4 3.Bf4 c5 4.f3 Nf6 5.dxc5 b6 6.Nc3 bxc5 7.e4 Nc6 8.Nd5 d6
9.Nxf6+ gxf6 10.Qd2 Qb6 11.b3 f5 12.c3 Bg7 13.Bc4 Ne5 14.Bxe5 Bxe5 15.exf5 Bxf5
16.Ne2 Rd8 17.Qe3 Rg8 18.O-O Bc8 19.f4 Bb7 20.Bxf7+  1-0

[Event "ESP-ch"]
[Site "Linares"]
[Date "1998.08.20"]
[Round "9"]
[White "Gonzalez de la Nava, Amador"]
[Black "Tallon Ballesteros, Antonio"]
[Result "1-0"]
[WhiteElo "2365"]
[BlackElo "2220"]

1.d4 Nf6 2.Bg5 Ne4 3.Bf4 c5 4.f3 Nf6 5.dxc5 Qa5+ 6.Qd2 Qxc5 7.Nc3 d6 8.e4 Bd7
9.O-O-O a6 10.g4 h6 11.Nge2 e5 12.Be3 Qc8 13.Ng3 b5 14.Nh5 Bc6 15.Nxf6+ gxf6
16.Nd5 Nd7 17.Be2 Qb7 18.Qa5 Bxd5 19.Rxd5 Rc8 20.h4 Nc5 21.Bxc5 Rxc5 22.Rxc5 dxc5
23.a4 c4 24.Rd1 Be7 25.axb5 axb5 26.Rd5 O-O 27.Rxb5 Qc6 28.Rb6 Qc7 29.Rb5 Qc6
30.Qb6 Qa8 31.Ra5 Bd8 32.Rxa8 Bxb6 33.Rxf8+ Kxf8 34.Bxc4 Bf2 35.h5 Be3+ 36.Kd1 Bc5
37.c3 Ke7 38.b4 Bd6 39.Kc2 Kd7 40.Kb3 Kc6 41.Bxf7 Bb8 42.c4 Ba7 43.c5 Bb8
44.Kc4  1-0

[Event "Dresden op"]
[Site "Dresden"]
[Date "1998.08.22"]
[Round "7"]
[White "Dittmar, Peter"]
[Black "Kaminski, Uwe"]
[Result "1/2-1/2"]
[WhiteElo "2305"]
[BlackElo "2365"]

1.d4 Nf6 2.Bg5 Ne4 3.Bf4 d5 4.Nd2 Nd6 5.e3 Bf5 6.Bd3 Bxd3 7.cxd3 e6 8.Ngf3 Be7
9.Qb3 Qc8 10.Rc1 O-O 11.O-O Nd7 12.Qc2 c6 13.Nb3 Ne8 14.Nc5 Bd6  1/2-1/2

[Event "Schwarzach opA"]
[Site "Schwarzach"]
[Date "1998.08.24"]
[Round "3"]
[White "Quinn, Mark"]
[Black "Zoler, Dan"]
[Result "0-1"]
[WhiteElo "2350"]
[BlackElo "2500"]

1.d4 Nf6 2.Bg5 Ne4 3.Bf4 d5 4.e3 e6 5.Nd2 Nxd2 6.Qxd2 Be7 7.Bd3 O-O 8.Nf3 c5
9.dxc5 Nd7 10.c4 Nxc5 11.cxd5 Qxd5 12.Be2 Qxd2+ 13.Nxd2 Rd8 14.Nc4 f6 15.O-O e5
16.Bg3 Be6 17.Rfd1 Rac8 18.b3 Rxd1+ 19.Rxd1 Ne4 20.Kf1 Nc3 21.Rd2 b5 22.Nb2 Ne4
23.Rd1 Rc2  0-1

[Event "Asia-ch"]
[Site "Teheran"]
[Date "1998.08.25"]
[Round "9"]
[White "Ismail, Ahmad"]
[Black "Khamdamov, Suhrob"]
[Result "0-1"]
[WhiteElo "2040"]
[BlackElo "2140"]

1.d4 Nf6 2.Bg5 Ne4 3.h4 d5 4.Nd2 Bf5 5.Nxe4 Bxe4 6.f3 h6 7.Bf4 Bh7 8.Qd2 e6
9.O-O-O c5 10.dxc5 Nc6 11.e4 dxe4 12.Bd6 Bxd6 13.cxd6 O-O 14.Bc4 Na5 15.Be2 Rc8
16.d7 e3  0-1

[Event "Wiesbaden op"]
[Site "Wiesbaden"]
[Date "1998.08.27"]
[Round "7"]
[White "Kleine, Matthias"]
[Black "Jugow, Alexander"]
[Result "1/2-1/2"]
[WhiteElo "2095"]
[BlackElo "2265"]

1.d4 Nf6 2.Bg5 Ne4 3.Bh4 c5 4.f3 g5 5.fxe4 gxh4 6.e3 Qb6 7.Nc3 e6 8.Nf3 Bg7
9.Qd2 O-O 10.Na4 Qc6 11.Nxc5 d6 12.Nd3 Qxe4 13.Nf4 e5 14.Bd3 Qc6 15.d5 Qb6
16.Nh5 e4 17.Nxg7 exd3 18.Nh5 Qxb2 19.O-O dxc2 20.e4 f6 21.Qh6 Rf7 22.Ng5 Nd7
23.Nxf7 Kxf7 24.Qg7+ Ke8 25.Nxf6+ Nxf6 26.Qxf6 Qxf6 27.Rxf6 Bg4 28.Raf1 Rd8
29.Rf8+ Kd7 30.Rxd8+ Kxd8 31.Rc1 Bd1 32.Kf2 Ke7 33.Ke3 Kf6 34.a4 b6 35.g3 hxg3
36.hxg3 Ke5 37.Kd3 a6 38.Ke3 b5 39.axb5 axb5 40.Kd3 b4 41.Kc4 Kxe4 42.Kxb4 Kxd5
43.Kc3 Ke4 44.Kd2 Kf3 45.Ra1 Kxg3 46.Ra6 h5 47.Rxd6 h4 48.Rg6+ Kf4 49.Rh6 Kg5
50.Rh8 Kg4 51.Rg8+ Kf4 52.Rh8 Kg3 53.Rg8+ Bg4 54.Kxc2 h3 55.Rh8 h2 56.Rxh2  1/2-1/2

[Event "Karl Wagner mem 5th"]
[Site "Graz"]
[Date "1998.09.09"]
[Round "5.36"]
[White "Peisser, Manfred"]
[Black "Brunnsteiner, Mario"]
[Result "0-1"]
[WhiteElo "2135"]
[BlackElo "2110"]

1.d4 Nf6 2.Bg5 Ne4 3.Bf4 d5 4.f3 Nf6 5.Nc3 Bf5 6.g4 Bg6 7.h4 h6 8.h5 Bh7
9.Qd2 e6 10.g5 hxg5 11.Bxg5 c6 12.h6 gxh6 13.Bf4 Bg6 14.O-O-O Nbd7 15.Bg2 Qa5
16.Kb1 O-O-O 17.Qe1 Nb6 18.Be5 Be7 19.Bf4 Nc4 20.e4 Bb4 21.Nge2 dxe4 22.Bc1 exf3
23.Bxf3 Qf5 24.Rd3 Qa5 25.a3 Bd6 26.Rd1 Qb6 27.Na4 Nxa3+ 28.Ka2 Qa6 29.bxa3 Qc4+
30.Ka1 Qxa4 31.Nc3 Qa5 32.Ne4 Qxe1 33.Nxd6+ Rxd6 34.Rhxe1 Bxc2 35.Bf4 Bxd1
36.Bxd6 Bxf3 37.Be5 Rg8 38.Bxf6 Bd5 39.Re3 Rg6 40.Be5 h5 41.Rh3 f6 42.Rg3 Rxg3
43.Bxg3 Kd7 44.Kb2 b6 45.Kc3 c5 46.dxc5 bxc5 47.Bb8 h4 48.Bh2 e5  0-1

[Event "CRO-chT"]
[Site "Porec"]
[Date "1998.09.14"]
[Round "8"]
[White "Orenda, Omar"]
[Black "Antunovic, Ivo"]
[Result "1-0"]
[WhiteElo "2155"]
[BlackElo "2085"]

1.d4 Nf6 2.Bg5 Ne4 3.Bf4 c5 4.f3 Nf6 5.dxc5 Qa5+ 6.Qd2 Qxc5 7.Nc3 e5 8.Be3 Qa5
9.Bg5 Bb4 10.e4 d5 11.Bxf6 d4 12.Bb5+ Bd7 13.Bxe5 Bxb5 14.Bxg7 Rg8 15.Bxd4 Nc6
16.Bf6 Rg6 17.e5 Ne7 18.Bxe7 Bxc3 19.Qxc3 Qxc3+ 20.bxc3 Kxe7 21.Rb1 Ba6 22.g3 Re6
23.f4 Rc8 24.Ne2 Bxe2 25.Rxb7+  1-0

[Event "Elista ol (Men)"]
[Site "Elista"]
[Date "1998.09.30"]
[Round "2"]
[White "Fernandes, Antonio"]
[Black "Pelletier, Yannick"]
[Result "1/2-1/2"]
[WhiteElo "2480"]
[BlackElo "2525"]

1.d4 Nf6 2.Bg5 Ne4 3.Bh4 c5 4.Nd2 d5 5.Nxe4 dxe4 6.dxc5 Qa5+ 7.c3 Qxc5 8.Qa4+ Qc6
9.Qxc6+ Nxc6 10.f3 Bf5 11.e3 g6 12.Ne2 Bh6 13.Kf2 O-O 14.Nd4 Nxd4 15.exd4 e3+
16.Ke1 e5 17.Bf6 Bg7 18.Bxg7 Kxg7 19.d5 Rfd8 20.Ke2 Rxd5 21.Kxe3 Rad8 22.Be2 Bc2
23.Rhe1 Rd2 24.Bf1 f5 25.Re2 Rd1 26.Rxd1 Bxd1 27.Rf2 Ba4 28.f4 Kf6 29.g3 Bc6
30.fxe5+ Kxe5 31.Bd3 Rf8  1/2-1/2

[Event "Elista ol (Men)"]
[Site "Elista"]
[Date "1998.10.02"]
[Round "4"]
[White "Torre, Eugenio"]
[Black "Sokolov, Ivan"]
[Result "1/2-1/2"]
[WhiteElo "2545"]
[BlackElo "2620"]

1.d4 Nf6 2.Bg5 Ne4 3.Bf4 c5 4.f3 Qa5+ 5.c3 Nf6 6.Nd2 cxd4 7.Nb3 Qd8 8.cxd4 d5
9.e3 Nc6 10.Rc1 e6 11.Bg3 Bb4+ 12.Kf2 O-O 13.Bd3 Re8 14.a3 Bf8 15.f4 Qb6
16.Bh4 Ne4+ 17.Bxe4 dxe4 18.Qc2 Ne7 19.Bxe7 Bxe7 20.Ne2 Bd7 21.Nc5 Bc6 22.Qb1 Bh4+
23.g3 Be7 24.Rc3 Qd8 25.Rhc1 a5 26.Nb3 Qd5 27.Nd2 Qh5 28.Rh1 Bd5 29.Rc2 b5
30.Nc3 b4 31.Nxd5 exd5 32.axb4 Bxb4 33.Qd1 Qh6 34.Qg4 Rab8 35.h4 Qa6 36.Rhc1 Qd3
37.Qe2 h5 38.Nb1 g6 39.Nc3 Qxe2+ 40.Kxe2 Red8  1/2-1/2

[Event "Elista ol (Men)"]
[Site "Elista"]
[Date "1998.10.03"]
[Round "5"]
[White "Tu Hoang Thai"]
[Black "Soto Paez, Oliver"]
[Result "0-1"]
[WhiteElo "2300"]
[BlackElo "2320"]

1.d4 Nf6 2.Bg5 Ne4 3.Bf4 g6 4.f3 Nf6 5.e4 Bg7 6.Nc3 d6 7.Qd2 c6 8.a4 a5 9.Bc4 d5
10.Bb3 dxe4 11.fxe4 O-O 12.Nf3 Na6 13.O-O-O Nb4 14.Bh6 b5 15.h4 bxa4 16.Bxa4 Bxh6
17.Qxh6 Ng4 18.Qd2 h5 19.Bb3 Kg7 20.Na4 Rb8 21.Rhe1 Na6 22.Qc3 f6 23.e5 Bf5
24.exf6+ exf6 25.d5 cxd5 26.Rxd5 Qc8 27.Re7+ Kh8 28.Ng5 Rxb3 29.Rh7+ Kg8
30.Qxb3 Bxc2 31.Qxc2 Qxc2+ 32.Kxc2 Nb4+ 33.Kb1 Nxd5 34.Rd7 fxg5 35.Rxd5 gxh4
36.Rxa5 Rf2  0-1

[Event "Elista ol (Men)"]
[Site "Elista"]
[Date "1998.10.04"]
[Round "6"]
[White "Tu Hoang Thong"]
[Black "West, Guy"]
[Result "1/2-1/2"]
[WhiteElo "2480"]
[BlackElo "2405"]

1.d4 Nf6 2.Bg5 Ne4 3.Bf4 d5 4.e3 c5 5.Bd3 Qb6 6.Bxe4 dxe4 7.Nc3 Qxb2 8.Nge2 Bg4
9.Rb1 Qxc3+ 10.Nxc3 Bxd1 11.Kxd1 cxd4 12.exd4 Nc6 13.d5 O-O-O 14.Ke2 Nd4+
15.Ke3 Nf5+ 16.Kxe4 Nd6+ 17.Kf3 Rg8 18.Rb3 g5 19.Be3 Nc4 20.Rd1 Nxe3 21.fxe3 Bg7
22.Ne4 Be5 23.h3 f5 24.Nc5 g4+ 25.hxg4 Rxg4 26.Nxb7 Rg3+ 27.Kf2 Rdg8 28.Ke2 Rxg2+
29.Kd3 Bc7 30.Nc5 R8g3 31.Rc3 f4 32.Kd4 Rxe3 33.Nd3 e5+ 34.dxe6 Rxe6 35.Rh1 Re7
36.Rh4 Kd8 37.Rc6 Bb6+ 38.Kc3 f3 39.Rf4 f2 40.Rcf6 Rc7+ 41.Kb3 Rxc2 42.Rf8+ Kc7
43.R4f7+ Kd6 44.Rf6+ Kc7 45.R6f7+ Kd6 46.Rf6+  1/2-1/2

[Event "Elista ol (Men)"]
[Site "Elista"]
[Date "1998.10.05"]
[Round "7"]
[White "West, Guy"]
[Black "Oblitas, Carlomagno"]
[Result "1-0"]
[WhiteElo "2405"]
[BlackElo "2420"]

1.d4 Nf6 2.Bg5 Ne4 3.Bf4 c5 4.f3 Nf6 5.dxc5 Qa5+ 6.Qd2 Qxc5 7.e4 d6 8.Nc3 a6
9.O-O-O e5 10.Be3 Qa5 11.Kb1 Be6 12.g4 h6 13.Nh3 Nc6 14.g5 Nd7 15.gxh6 gxh6
16.Rg1 O-O-O 17.Nd5 Qxd2 18.Rxd2 Ne7 19.c4 f5 20.Rc2 Kb8 21.Nf2 f4 22.Bd2 Nc6
23.Bc3 Rg8 24.Rxg8 Bxg8 25.Bh3 Nc5 26.Rc1 Be7 27.Rg1 Bg5 28.Kc2 Be6 29.b4 Bh4
30.Nd3 Nxb4+ 31.N5xb4 Bxh3 32.Nxc5 dxc5 33.Bxe5+ Ka7 34.Nd5 Bd7 35.Bxf4 Ba4+
36.Kd3 Bf2 37.Rg2 Bd4 38.Be3 Bxe3 39.Kxe3 Bc6 40.Rg6 h5 41.Rh6 Rg8 42.Ne7 Rg2
43.Nxc6+ bxc6 44.Rxh5 Rxa2 45.e5 Kb6 46.f4 a5 47.f5 a4 48.f6 Ra1 49.Rh8 Re1+
50.Kd2 Rf1 51.Ra8 Kb7 52.e6 Rf2+ 53.Kc3 Rf3+ 54.Kb2  1-0

[Event "Elista ol (Men)"]
[Site "Elista"]
[Date "1998.10.05"]
[Round "7"]
[White "Depasquale, Chris"]
[Black "Garcia, Javier"]
[Result "1/2-1/2"]
[WhiteElo "2305"]
[BlackElo "2315"]

1.d4 Nf6 2.Bg5 Ne4 3.Bf4 d5 4.e3 e6 5.Bd3 Bd6 6.Bxd6 Nxd6 7.Nd2 Nd7 8.Ngf3 c5
9.c3 Qf6 10.Qe2 O-O 11.h4 e5 12.dxe5 Nxe5 13.Nxe5 Qxe5 14.Nf3 Qh5 15.Ng5 Qxe2+
16.Bxe2 h6 17.Nh3 Bxh3 18.Rxh3 Rad8 19.Rd1 Nc8 20.h5 Rd6 21.Rh4 Rfd8 22.Ra4 a6
23.Ra5 c4 24.Rc5 b5 25.Rc7 Kf8 26.Bg4 Ne7 27.Rb7 g6 28.a4 bxa4 29.Ra1 f5
30.Bf3 R8d7 31.Rxd7 Rxd7 32.hxg6 Nxg6 33.Rxa4 Rd6 34.Ra5 Ne7 35.Kd2 Kf7 36.Kc2 Ke6
37.Ra1 Ke5 38.g3 Rb6 39.Rh1 Rf6 40.Be2 Nc8 41.b3 cxb3+ 42.Kxb3 Nd6 43.Rd1 Ne4
44.f4+ Kd6 45.c4 Nxg3 46.Rxd5+ Kc7 47.Bd3 Rd6 48.Rxd6 Kxd6 49.c5+ Kxc5 50.Bxa6 h5
51.Bb7 Nf1 52.Kc3 Nxe3 53.Kd2 Nd5 54.Bc8 Ne7 55.Bb7 Kd4 56.Ke2 Ng6 57.Kf3 h4
58.Bc8 Ne7 59.Ba6 Nd5 60.Bc8 Ne3 61.Bd7 Kd3 62.Bc8 Kd2 63.Bd7 Kd3 64.Bc8 Kd2
65.Bd7 Nc2 66.Kg2 Nd4 67.Kh3  1/2-1/2

[Event "Elista ol (Men)"]
[Site "Elista"]
[Date "1998.10.06"]
[Round "8"]
[White "Tu Hoang Thai"]
[Black "Esplana, Christian"]
[Result "1-0"]
[WhiteElo "2300"]
[BlackElo "2200"]

1.d4 Nf6 2.Bg5 Ne4 3.Bf4 d5 4.e3 c5 5.Bd3 Qb6 6.Bxe4 dxe4 7.Nc3 cxd4 8.Qxd4 Qxd4
9.exd4 Bf5 10.Nge2 e6 11.O-O-O Nc6 12.d5 exd5 13.Nxd5 O-O-O 14.Nec3 Bc5 15.Be3 Bd6
16.Nb5 Bg4 17.Nxd6+ Rxd6 18.Nb6+ Kc7 19.Bf4 Bxd1 20.Nc4 Bh5 21.Nxd6 Kb6 22.Nxe4 Bg6
23.Nc3 Nb4 24.h4 Rc8 25.a3 Nxc2 26.h5 Bf5 27.g4 Bd3 28.Rd1 Rd8 29.Rxd3 Rxd3
30.Kxc2 Rd7 31.Be3+ Kc6 32.Bxa7 b6 33.Bb8 Rd4 34.f3 f6 35.Bg3 b5 36.Bh2 Rd7
37.Bg1 Re7 38.Bf2 Re8 39.Kd3 Re6 40.Be3 Re5 41.Bd4 Re7 42.h6 gxh6 43.Ne4 h5
44.gxh5 f5 45.Ng3 Rf7 46.h6 Kd5 47.Nh5 Ke6 48.Nf6 Re7 49.Nxh7 Rxh7 50.Bg7 Kd5
51.Ke3 Kd6 52.Kf4 Ke6 53.Kg5  1-0

[Event "Elista ol (Men)"]
[Site "Elista"]
[Date "1998.10.07"]
[Round "9"]
[White "Garcia, Raul"]
[Black "Rohl, Juan"]
[Result "0-1"]
[WhiteElo "2340"]
[BlackElo "2330"]

1.d4 Nf6 2.Bg5 Ne4 3.Bf4 c5 4.f3 Qa5+ 5.c3 Nf6 6.Nd2 cxd4 7.Nb3 Qb6 8.Qxd4 Nc6
9.Qxb6 axb6 10.Be3 e5 11.Bxb6 d5 12.e4 Be6 13.Bb5 Nd7 14.Bf2 dxe4 15.Nd2 exf3
16.Ngxf3 Be7 17.a4 O-O 18.O-O f5 19.Nc4 e4 20.Nd4 Nxd4 21.Bxd4 Nc5 22.Nd2 Nb3
23.Nxb3 Bxb3 24.Rfe1 Rfd8 25.Be3 Kf7 26.Kf2 g5 27.Bb6 Rd2+ 28.Re2 Rd6 29.Bc5 Rd1
30.Bxe7 Rxa1 31.Bxg5 Bxa4 32.Bc4+ Kg6 33.Bh4 Rd1 34.Re3 Rd2+ 35.Kg3 Bc6 36.Be2 Ra4
37.Be7 Rxb2 38.Bd6 Raa2  0-1

[Event "Elista ol (Men)"]
[Site "Elista"]
[Date "1998.10.07"]
[Round "9"]
[White "Gallagher, Joseph G"]
[Black "Rytshagov, Mikhail"]
[Result "1/2-1/2"]
[WhiteElo "2525"]
[BlackElo "2565"]

1.d4 Nf6 2.Bg5 Ne4 3.Bf4 d5 4.e3 c5 5.Bd3 cxd4 6.Bxe4 dxe4 7.exd4 Nc6 8.Ne2 Bg4
9.Nbc3 Qa5 10.h3 Bh5 11.O-O O-O-O 12.d5 e6 13.dxc6 Rxd1 14.cxb7+ Kxb7 15.Rfxd1 Bb4
16.g4 Bg6 17.Rd7+ Ka8 18.Be3 Bc5 19.Nd4 Bxd4 20.Bxd4 Rb8 21.Rxa7+ Qxa7 22.Bxa7 Kxa7
23.b3 e3 24.fxe3 Bxc2 25.Rc1 Bg6 26.Kf2 h5 27.Kf3 hxg4+ 28.hxg4 Rh8 29.Kg3 Rd8
30.Rd1 Rxd1 31.Nxd1 Kb6 32.Kf4 f6 33.e4 Kc5 34.Ke3 e5 35.Nb2 Kb4 36.Nc4 Be8
37.Nd6 Bd7 38.Nf5 Ka3 39.Kf3 g6 40.Ne7 Kxa2 41.Nxg6 Kxb3 42.Nf8 Be8 43.Nh7 Kc4
44.Nxf6 Bg6 45.Ke3 Kc5 46.Kd3 Kd6 47.Nd5 Ke6 48.Ke3 Bh7 49.Kf3 Bg6 50.Nb6 Be8
51.g5 Bh5+ 52.Kg3 Bg6 53.Na4 Kd6 54.Kf3 Bh5+ 55.Ke3 Ke6 56.Kf2 Kf7 57.Kg3 Kg6
58.Kh4 Bd1 59.Nc5 Bc2 60.Nd7 Bxe4 61.Nxe5+ Kg7 62.Kg4 Bc2 63.g6  1/2-1/2

[Event "Elista ol (Men)"]
[Site "Elista"]
[Date "1998.10.09"]
[Round "10"]
[White "Hauchard, Arnaud"]
[Black "Hebden, Mark"]
[Result "1/2-1/2"]
[WhiteElo "2500"]
[BlackElo "2590"]

1.d4 Nf6 2.Bg5 Ne4 3.Bf4 c5 4.f3 Qa5+ 5.c3 Nf6 6.Nd2 cxd4 7.Nb3 Qb6 8.Qxd4 Nc6
9.Qxb6 axb6 10.Nd4 Nxd4 11.cxd4 d5 12.e3 Bd7 13.Ne2 e6 14.Nc3 Bb4 15.Kd2 Bc6
16.Bd3 Kd7 17.a3 Bd6 18.Bxd6 Kxd6 19.Kc2 Rhc8 20.b3 Ne8 21.Kb2 Ke7 22.g4 h6
23.h4 Nd6 24.Rhg1 Rh8 25.Rae1 Rad8 26.Re2 Kf8 27.Rh2  1/2-1/2

[Event "Elista ol (Men)"]
[Site "Elista"]
[Date "1998.10.09"]
[Round "10"]
[White "Arduman, Can"]
[Black "Sharavdorj, Dashzeveg"]
[Result "0-1"]
[WhiteElo "2400"]
[BlackElo "2385"]

1.d4 Nf6 2.Bg5 Ne4 3.Bf4 c5 4.f3 Qa5+ 5.c3 Nf6 6.d5 Qb6 7.Bc1 g6 8.e4 d6
9.a4 Bg7 10.Na3 O-O 11.Nc4 Qd8 12.Bg5 h6 13.Be3 Nbd7 14.Nh3 Nb6 15.Nf2 Nxc4
16.Bxc4 Rb8 17.O-O a6 18.a5 Bd7 19.Qd2 Kh7 20.b4 cxb4 21.cxb4 Qe8 22.Qe2 Rc8
23.Bd3 Bb5 24.Bxb5 Qxb5 25.Qxb5 axb5 26.Rac1 Nd7 27.f4 Bc3 28.Nd3 Nf6 29.Nf2 Rc4
30.Rfd1 Rfc8 31.e5 dxe5 32.Bc5 e4 33.Kf1 e3 34.Bxe3 Bxb4 35.Rb1 Rd8 36.d6 e6
37.Bb6 Rxd6 38.Nd3 Bc3 39.Rxb5 Rxf4+ 40.Nxf4 Rxd1+ 41.Ke2 Rd2+ 42.Kf1 g5
43.Ne2 Rd1+ 44.Kf2 Be1+ 45.Ke3 Ng4+ 46.Kf3 f5 47.Nd4 Rd2 48.Nxe6 Nxh2+ 49.Ke3 Nf1+
50.Kf3 Kg6 51.Nf8+ Kf6 52.Nh7+ Kg7 53.Rxf5 Kxh7 54.Rf7+ Kg6 55.Rxb7 Nh2+
56.Ke4 Ra2 57.Ra7 Bxa5 58.Bxa5 Re2+ 59.Kd3 Rxg2 60.Ra6+ Kh5 61.Bc3 Rg3+ 62.Kd2 Nf1+
63.Kc2 Ne3+ 64.Kd2 Nf5 65.Be5 Re3 66.Bf6 Re4 67.Kd3 Re8 68.Ra5 Re6 69.Be5 Kg6
70.Bc7 h5 71.Ra8 h4 72.Rg8+ Ng7 73.Ra8 Ne8 74.Bh2 Nf6 75.Ra5 Ng4 76.Bc7 h3
77.Ra1 Kh5 78.Kd4 Ne3 79.Kd3 Ng2 80.Bh2 Nf4+ 81.Kd4 Re2 82.Rh1 Kg4 83.Rg1+ Rg2
84.Rh1 Ne2+ 85.Ke3 Ng3  0-1

[Event "NRW Sportland Cup Masters"]
[Site "Senden"]
[Date "1998.10.14"]
[Round "7"]
[White "Wessler, Dirk"]
[Black "Thiel, Thomas"]
[Result "0-1"]
[WhiteElo "2225"]
[BlackElo "2310"]

1.d4 Nf6 2.Bg5 Ne4 3.Bf4 c5 4.f3 Qa5+ 5.c3 Nf6 6.Nd2 cxd4 7.Nb3 Qb6 8.Qxd4 Qxd4
9.Nxd4 a6 10.e4 d6 11.Nc2 Nc6 12.Bg5 Bd7 13.Ne2 Rc8 14.Ned4 e6 15.Bd3 Ne5
16.O-O-O Be7 17.Rhe1 Nxe4 18.Bxe7 Nc5 19.Bf1 Kxe7 20.f4 Nc6 21.Nf5+ Kf8 22.Nxd6 Rc7
23.Nc4 g6 24.Nb6 Be8 25.Nd4 Kg7 26.g4 h5 27.g5 h4 28.h3 Ne7 29.Bg2 Nf5 30.Nxf5+ gxf5
31.Kb1 Bc6 32.Bxc6 Rxc6 33.Nd7 Na4 34.Ne5 Rb6 35.Rd7 Rf8 36.g6 Rxb2+ 37.Kc1 Rg2
38.gxf7 Nxc3 39.Rc7 Nd5 40.Rc2 Rxc2+ 41.Kxc2 Nxf4 42.Rg1+ Kh7 43.Nf3 Ng6
44.Rb1 b5 45.Ng5+ Kh6 46.Nxe6 Rxf7 47.Kd2 Rd7+ 48.Kc3 Rd6 49.Nd4 Rf6 50.Rf1 f4
51.Nf3 Re6 52.Kd4 Re2 53.a4 bxa4 54.Nxh4 Nxh4 55.Rxf4 Ng6 56.Kc3 Nxf4  0-1

[Event "BL2-O9899"]
[Site "Germany"]
[Date "1998.10.18"]
[Round "1.5"]
[White "Treppner, Gerd"]
[Black "Assmann, Thomas"]
[Result "0-1"]
[WhiteElo "2320"]
[BlackElo "2345"]

1.d4 Nf6 2.Bg5 Ne4 3.Bf4 d5 4.f3 Nf6 5.Nc3 e6 6.e4 c5 7.Nb5 Na6 8.e5 Nd7
9.c3 Nab8 10.c4 a6 11.Nd6+ Bxd6 12.exd6 Qb6 13.Be3 dxc4 14.dxc5 Nxc5 15.Qd4 Nd3+
16.Bxd3 Qxd4 17.Bxd4 cxd3 18.O-O-O f6 19.Rxd3 e5 20.Bc3 Bf5 21.Rd2 Nd7 22.Ne2 Nc5
23.Rhd1 Kd7 24.b3 Rac8 25.Kb2 Rc6 26.Ng3 Bg6 27.Nf1 Rhc8 28.Ne3 Na4+ 29.bxa4 Rxc3
30.Nd5 Rc2+ 31.Rxc2 Rxc2+ 32.Kb3 Rc6 33.Kb4 Rxd6 34.a5 Bf7 35.Nb6+ Ke6 36.Rc1 Rd2
37.Rc7 Rxg2 38.Nc8 Bh5  0-1